Competitiveness in the food industry

Gorde:
Xehetasun bibliografikoak
Egile Nagusiak: Traill, W. Bruce (Egilea), Pitts, Eamonn (Egilea)
Formatua: Liburua
Hizkuntza:ingelesa
Argitaratua: Londres Blackie Academic and Professional 1998
Gaiak:
Etiketak: Etiketa erantsi
Etiketarik gabe, Izan zaitez lehena erregistro honi etiketa jartzen!

MARC

LEADER 00000nam a2200000 a 4500
001 UCR3743
003 CL-VaPUC
008 980130e19980000UK |||||||||||||||||eng|d
082 0 4 |a 664  |b TRA  |2 21 
100 0 |a Traill, W. Bruce  |e author  |9 402983 
700 0 |a Pitts, Eamonn  |e author  |9 402984 
245 1 0 |a Competitiveness in the food industry 
300 |a 301 p 
942 |c BK 
945 |d 19980130 00:00:00  |a rleighto 
260 |a Londres  |b Blackie Academic and Professional  |c 1998 
650 0 |a Industria alimentaria  |9 331702 
650 7 |a FACTORES ECONOMICOS  |2 CL-VaPUC  |9 402985 
650 7 |a RECURSOS FISICOS  |2 CL-VaPUC  |9 402986 
650 0 |a Recursos humanos   |9 228420 
650 7 |a PRODUCCION ALIMENTARIA  |2 CL-VaPUC  |9 341875 
583 |a last modification  |c 20141125 05:51:44  |k Rodrigo Vera 
999 |c 266777  |d 266775 
952 |0 0  |1 0  |4 0  |6 664_000000000000000_TRA_1998  |7 0  |8 A  |9 298685  |a BIBALI  |b BIBALI  |c GEN  |d 2019-11-20  |i 3392767  |o 664 TRA 1998  |p 3392767  |r 2025-01-20  |w 2019-11-20  |y BK  |k ALI 
952 |0 0  |1 0  |4 0  |6 664_000000000000000_TRA_1998  |7 0  |8 A  |9 298686  |a BIBALI  |b BIBALI  |c GEN  |d 2019-11-20  |i 3741389  |o 664 TRA 1998  |p 3741389  |r 2025-01-20  |w 2019-11-20  |y BK  |k ALI